| 000 | 01009cam a2200289 a 4500 | ||
|---|---|---|---|
| 999 |
_c9397 _d9397 |
||
| 001 | 9643237 | ||
| 003 | OCoLC | ||
| 005 | 20210113153747.0 | ||
| 008 | 830607s1984 nju 000 0 eng | ||
| 010 | _a 83011233 | ||
| 020 |
_a0800713737 : _c$8.95 |
||
| 020 | _a9780800713737 | ||
| 035 | _a(OCoLC)9643237 | ||
| 040 |
_aDLC _cDLC _dBAKER _dBTCTA _dYDXCP _dOKR _dCKL |
||
| 050 | 0 | 0 |
_aHQ770.4 _b.L44 1984 |
| 082 | 0 | 4 |
_a649/.64 _219 |
| 092 |
_a649.64 _bL547 |
||
| 100 | 1 | _aLeman, Kevin. | |
| 245 | 1 | 0 |
_aMaking children mind without losing yours / _cKevin Leman. |
| 260 |
_aOld Tappan, N.J. : _bFleming H. Revell Co., _cc1984. |
||
| 300 |
_a191 p. ; _c22 cm. |
||
| 520 | _aDescribes the seven principles of reality discipline, gives questions at the end of each chapter, offers a discussion guide, and shares real-life examples of Dr. Kevin Leman's techniques. | ||
| 650 | 0 | _aDiscipline of children. | |
| 650 | 0 | _aChild rearing. | |
| 650 | 0 |
_aParenting _xReligious aspects _xChristianity. |
|
| 942 |
_2ddc _cBK |
||